| 000 | 00547nam a2200205Ia 4500 | ||
|---|---|---|---|
| 003 | BUBTL | ||
| 008 | 151213s9999 xx 000 0 und d | ||
| 082 |
_a657.042 _bBAA |
||
| 100 | _aBasu & Das | ||
| 245 |
_aPractice in accountancy Vol-Two _cBasu & Das |
||
| 250 | _a9th | ||
| 260 |
_aKolkata _bRobindra Librar _c2000 |
||
| 300 |
_a[xii] , 1141p . P _bill , 24cm . _cAccounting . |
||
| 650 | _aAccounting | ||
| 650 | _aAccounting | ||
| 700 | _aBasu & Das | ||
| 856 |
_k0 _l0 _yDownload |
||
| 942 |
_2ddc _cBK |
||
| 999 |
_c990 _d990 |
||